Под скальпелем природы и искусства (Запись № 10364337)
[ простой вид ]
| 000 -МАРКЕР | |
|---|---|
| контрольное поле | 03005nam0a2200409 i 4500 |
| 001 - ИДЕНТИФИКАТОР ЗАПИСИ | |
| контрольное поле | RU\NLR\BIBL_A\010848461 |
| 005 - ИДЕНТИФИКАТОР ВЕРСИИ | |
| контрольное поле | 20241103093046.0 |
| 010 ## - МЕЖДУНАРОДНЫЙ СТАНДАРТНЫЙ НОМЕР КНИГИ (ISBN) | |
| Номер (ISBN) | 9785905149139 |
| 021 ## - НОМЕР ГОСУДАРСТВЕННОЙ РЕГИСТРАЦИИ | |
| Код страны | Российская Федерация |
| Номер | 2015-53511 |
| Номер Листа государственной регистраци | 3699 |
| 035 ## - ДРУГИЕ СИСТЕМНЫЕ НОМЕРА | |
| Идентификатор записи | (NILC)RuMoRGB-008000077 |
| 035 ## - ДРУГИЕ СИСТЕМНЫЕ НОМЕРА | |
| Идентификатор записи | (NLR Aleph) 010848461 |
| 100 ## - ДАННЫЕ ОБЩЕЙ ОБРАБОТКИ | |
| Данные общей обработки | 20150928d2015 um y0rusy50 ca |
| 101 0# - ЯЗЫК РЕСУРСА | |
| Язык текста, звукозаписи и т.д. | русский |
| 102 ## - СТРАНА ПУБЛИКАЦИИ ИЛИ ПРОИЗВОДСТВА | |
| Страна публикации | Российская Федерация |
| 105 ## - ПОЛЕ КОДИРОВАННЫХ ДАННЫХ: ТЕКСТОВЫЕ МАТЕРИАЛЫ, МОНОГРАФИЧЕСКИЕ | |
| Кодированные данные о монографическом текстовом документе | ach|z|||000cd |
| 200 1# - ЗАГЛАВИЕ И СВЕДЕНИЯ ОБ ОТВЕТСТВЕННОСТИ | |
| Основное заглавие | Под скальпелем природы и искусства |
| Сведения, относящиеся к заглавию | [очерки о ярких личностях в истории отечественной медицины и нейрохирургии] |
| Первые сведения об ответственности | Е. Н. Кондаков, Т. Н. Пирская |
| 210 ## - ПУБЛИКАЦИЯ, РАСПРОСТРАНЕНИЕ И ДР. | |
| Место издания, распространения и т.д. | Санкт-Петербург |
| Имя издателя, распространителя и т. д. | X-PRINT |
| Дата издания, распространения и т.д. | 2015 |
| 215 ## - ФИЗИЧЕСКАЯ ХАРАКТЕРИСТИКА | |
| Специфическое обозначение материала и объем | 90 с. |
| Другие сведения о физической характеристике | ил., цв. ил., портр., факс. |
| Размеры | 22Х29 |
| 300 ## - ОБЩИЕ ПРИМЕЧАНИЯ | |
| Текст примечания | На 4-й с. обл. авт.: Е. Н. Кондаков нейрохирург, д.м.н., проф., лауреат Гос. премии России в обл. науки и техники, лауреат премии им. проф. А.Л. Поленова, Т. Н. Пирская невролог, к.м.н. |
| 320 ## - ПРИМЕЧАНИЯ О НАЛИЧИИ В ДОКУМЕНТЕ БИБЛИОГРАФИИ / УКАЗАТЕЛЯ | |
| Текст примечания | Библиогр.: с. 88-90 |
| 327 1# - ПРИМЕЧАНИЯ О СОДЕРЖАНИИ | |
| Текст примечания | Содерж.: о Н.И. Кульбине, Л.В. Блюменау, Б.Л. Смирнове, Ю.М. Волобуеве, В.А. Гойхмане, Г.С. Тиглиеве. В кн. также: Профессор Луцик Анатолий Андреевич / Ольшанский Г.С. Размышление о творчестве профессора, врача-нейрохирурга Евгения Кондакова / Нассонова Н.В. |
| 464 #0 - АНАЛИТИЧЕСКИЙ УРОВЕНЬ | |
| Встроенное поле | 2001#$aПрофессор Луцик Анатолий Андреевич |
| -- | 700#1$aОльшанский$bГ. С.$gГеоргий Семенович |
| Заглавие | Профессор Луцик Анатолий Андреевич |
| Автор | Ольшанский, Георгий Семенович |
| 464 #0 - АНАЛИТИЧЕСКИЙ УРОВЕНЬ | |
| Встроенное поле | 2001#$aРазмышление о творчестве профессора, врача-нейрохирурга Евгения Кондакова |
| -- | 700#1$aНассонова$bН.В. |
| Заглавие | Размышление о творчестве профессора, врача-нейрохирурга Евгения Кондакова |
| Автор | Нассонова, Н.В. |
| 606 1# - НАИМЕНОВАНИЕ ТЕМЫ КАК ПРЕДМЕТ | |
| Наименование темы | Самодеятельное искусство |
| Географический подзаголовок | Российская Федерация |
| Системный номер авторитетной/нормативной записи | 2627361 |
| Идентификатор авторитетной/нормативной записи | RU\NLR\AUTH\661563921 |
| 606 1# - НАИМЕНОВАНИЕ ТЕМЫ КАК ПРЕДМЕТ | |
| Наименование темы | Самодеятельное искусство |
| Географический подзаголовок | СССР |
| Системный номер авторитетной/нормативной записи | 1119213 |
| Идентификатор авторитетной/нормативной записи | RU\NLR\AUTH\66123451 |
| 606 ## - НАИМЕНОВАНИЕ ТЕМЫ КАК ПРЕДМЕТ | |
| Наименование темы | Нейрохирурги |
| Системный номер авторитетной/нормативной записи | 2263693 |
| Идентификатор авторитетной/нормативной записи | RU\NLR\AUTH\6601586783 |
| 675 ## - УНИВЕРСАЛЬНАЯ ДЕСЯТИЧНАЯ КЛАССИФИКАЦИЯ (UDC/УДК) | |
| Индекс | 7.0 |
| 686 1# - ИНДЕКСЫ ДРУГИХ КЛАССИФИКАЦИЙ | |
| Индекс | Щ03(2)7-9 |
| 686 1# - ИНДЕКСЫ ДРУГИХ КЛАССИФИКАЦИЙ | |
| Индекс | Р.г(2) |
| 700 #1 - ИМЯ ЛИЦА - ПЕРВИЧНАЯ ОТВЕТСТВЕННОСТЬ | |
| Начальный элемент ввода | Кондаков |
| Часть имени, кроме начального элемента ввода | Е. Н. |
| Расширение инициалов личного имени | Евгений Николаевич |
| 701 #1 - ИМЯ ЛИЦА - АЛЬТЕРНАТИВНАЯ ОТВЕТСТВЕННОСТЬ | |
| Начальный элемент ввода | Пирская |
| Часть имени, кроме начального элемента ввода | Т. Н. |
| Расширение инициалов личного имени | Татьяна Николаевна |
| 801 #0 - ИСТОЧНИК ЗАПИСИ | |
| Страна | Российская Федерация |
| Организация | РГБ |
| Дата составления | 20150819 |
| Правила каталогизации | RCR |
| 942 ## - ДОПОЛНИТЕЛЬНЫЕ ЭЛЕМЕНТЫ ЗАПИСИ (АБИС) | |
| Тип экземпляра АБИС | Книга |
| 980 ## - КОЛЛЕКЦИЯ | |
| Название коллекции | НБР |
Нет доступных экземпляров.